000 00608nam a2200241Ia 4500
003 OSt
005 20221005115206.0
006 a|||||r|||| 00| 0
007 ta
008 221004b |||||||| |||| 00| 0 eng d
024 _a38783
037 _cTextual
040 _aCRL
_cCRL
_beng
041 _2eng
_aeng
082 _aO:3K28w, D9-;1
100 _aFroude James Anthony
_9627240
245 0 _aBunyan
260 _c1909
490 _aEnglish men of letters
650 _aENGLISH LITERATURE
942 _hO:3K28w, D9-;1
_cTEXL
_2cc
999 _c1033728
_d1033728